| 000 | 00702cam a22001934a 4500 | ||
|---|---|---|---|
| 005 | 20250605164234.0 | ||
| 008 | 250528s ||||||||||||||||||||||||d | ||
| 035 | _a21071 | ||
| 020 | _a9780333947159 | ||
| 040 |
_aGR-AtMCL _bgre _dGR-AtMCL _eAACR2 |
||
| 245 | 1 | _aHow to Write Better Essays | |
| 260 |
_bPalgrave Macmillan, _c2001 |
||
| 300 | _a292 | ||
| 520 | _aA source of help and inspiration to you throughout your course, enabling you to tackle essays with confidence. Introduction, The Stages, Interpretation of the Question, Research, Planning, Writing, Revision, Conclusion, Bibliography, Index. | ||
| 700 | 1 |
_aGreetham Bryan _97105 |
|
| 942 | _cBK | ||
| 999 |
_c6142 _d6142 |
||